| 000 | 01448nam0a2200349 4500 | ||
|---|---|---|---|
| 001 | RU\NLR\bibl\1744562 | ||
| 005 | 20260405221048.0 | ||
| 010 |
_a978-985-6053-35-4 _93100 |
||
| 035 | _a(NLR Aleph) 001735464 | ||
| 090 |
_a1426196 _c1426196 |
||
| 100 | _a20110310d2008 |||y0rusy50 ca | ||
| 101 | 0 |
_abel _aeng |
|
| 102 | _aRU | ||
| 105 | _ay ||||||||| | ||
| 200 | 1 |
_aГродно _dGrodno _eў дыялогу стагоддзяў _eальбом _fВ.В. Калнiн _zeng |
|
| 210 |
_aМiнск _cКавалер _d2008 |
||
| 215 |
_a253 с. _cил., цв. ил. _d29 |
||
| 300 | _aАвт. также на англ. яз.: V. Kalnin | ||
| 300 | _aТекст на белорус. и англ. яз. | ||
| 510 | 1 |
_6z20790 _aGrodno _zeng |
|
| 607 |
_aГродно, город (Белоруссия) _jАльбомы _xАрхитектура _91030913 _3RU\NLR\auth\6677675 |
||
| 607 |
_aГродно, город (Белоруссия) _jАльбомы _xИстория _9904976 _3RU\NLR\auth\66329572 |
||
| 686 | _aТ3(2Б-4Г-2Г)я6 | ||
| 686 | _aЩ113(2Б)92Гродно я61 | ||
| 700 | 1 |
_4070 _8bel _7ca _aКалнiн _bВ. В. _f1942- _gВалянцiн Валянцiнавiч _3RU\NLR\auth\7799423 _982349 |
|
| 790 | 1 |
_4070 _8bel _7ba _aKalnin _bV. V. _f1942- _gValjancin Valjancinavič _3RU\NLR\auth\7799424 _982350 |
|
| 801 | 0 |
_aRU _bNLR _c20110310 _gRCR |
|
| 801 | 1 |
_aRU _bNLR _c20110310 |
|
| 830 | _aпо кн | ||
| 942 | _cBOOK | ||
| 980 | _aNB | ||